| 000 | nam a22 7a 4500 | ||
|---|---|---|---|
| 999 |
_c128925 _d128925 |
||
| 008 | 190207b xxu||||| |||| 00| 0 eng d | ||
| 050 | _aBP172.L937 | ||
| 100 |
_aLucia, Luis Sols _944460 |
||
| 245 |
_aIslam _btowards a necessary dialogue _cLuis Sols Lucia |
||
| 260 |
_aBarcelona _c1998 |
||
| 300 |
_a40p. ; _c22cm. |
||
| 440 |
_aCJ booklets _n82 _944461 |
||
| 650 |
_aIslam _vChristianity _xRelations _944462 |
||
| 650 |
_aChristianity and other religions _xIslam _944463 |
||
| 942 |
_2lcc _cMONOGRAPH |
||